| 000 | 01664nam a2200505 i 4500 | ||
|---|---|---|---|
| 001 | 52391 | ||
| 003 | KOSZ 005 | ||
| 005 | 20220620122129.0 | ||
| 008 | 010424s2001 pl a |000 0 pol | ||
| 015 | _aUWD 2001/7433 | ||
| 020 | _a837011475X | ||
| 020 | _a8370114776 | ||
| 035 | _a991016058529705066 | ||
| 035 | _a(PL-WaBN)b14311513-48omnis_nlop | ||
| 035 | _ab14311513 | ||
| 035 | _a(OCoLC)297661449 | ||
| 035 | _acc2001018098 | ||
| 035 | _a(PL)b0000001431151 | ||
| 035 | _a(EXLNZ-48OMNIS_NETWORK)9910143406405606 | ||
| 040 |
_aWA N _cWA N _dKOSZ 005/HR |
||
| 041 | 0 | _apol | |
| 046 | _k2001 | ||
| 080 | _a338.43 | ||
| 080 | _a(075.8) | ||
| 100 | 1 |
_aKapusta, Franciszek _d(1937- ) _eAutor |
|
| 245 | 1 | 0 |
_aTeoria agrobiznesu. _nCz. 2, _pĆwiczenia / _cFranciszek Kapusta. |
| 250 | _aWyd. 2 zm. i poszerz. | ||
| 260 |
_aWrocław : _bWydawnictwo Akademii Ekonomicznej im. Oskara Langego, _c2001. |
||
| 300 |
_a183, [1] s. : _bil., mapy ; _c24 cm. |
||
| 336 |
_aTekst _btxt _2rdacontent |
||
| 337 |
_aBez urządzenia pośredniczącego _bn _2rdamedia |
||
| 338 |
_aWolumin _bnc _2rdacarrier |
||
| 380 | _aKsiążki | ||
| 388 | _a2001- | ||
| 504 | _aBibliogr. | ||
| 650 | 7 |
_aAgrobiznes _2DBN |
|
| 650 | 7 | _aEkonomika rolnictwa | |
| 655 | 7 |
_aPodręczniki akademickie _2DBN |
|
| 658 | _aGospodarka, ekonomia, finanse | ||
| 658 | _aRolnictwo i leśnictwo | ||
| 710 | 2 |
_aWydawnictwo Akademii Ekonomicznej im. Oskara Langego (Wrocław) _4pbl |
|
| 856 |
_uhttp://koha.tu.koszalin.pl/cgi-bin/koha/opac-detail.pl?biblionumber=52391 _yKatalog online BPK |
||
| 942 |
_2UKD _cKS |
||
| 999 |
_c52391 _d52391 |
||